[Event "Barcelona Sants op 21st"]
[Site "Barcelona"]
[Date "2019.08.23"]
[Round "1"]
[White "Notario Flechina, Enric"]
[Black "Martin Villanova, Jordi"]
[Result "1-0"]
[WhiteElo "1710"]
[BlackElo "1935"]
[PlyCount "45"]
[EventDate "2019.08.23"]
[EventType "swiss"]
[EventRounds "10"]
[EventCountry "ESP"]
[SourceTitle "EXT 2020"]
[Source "ChessBase"]
[SourceDate "2019.10.17"]
[SourceVersion "1"]
[SourceVersionDate "2019.10.17"]
[SourceQuality "1"]

1. d4 e6 2. c4 d5 3. Nc3 c6 4. Nf3 f5 5. Bg5 Nf6 6. e3 Be7 7. Ne5 Nbd7 8. Be2 0-0 9. 0-0 Qc7 10. Nxd7 Bxd7 11. Rc1 Bd6 12. g3 Ne4 13. Nxe4 fxe4 14. c5 Bxg3 15. fxg3 e5 16. Be7 Rxf1+ 17. Qxf1 exd4 18. Bd6 Qa5 19. Qf4 dxe3 20. Rf1 Qd8 21. Qf7+ Kh8 22. Be5 Qg5 23. Qf8+ 1-0

[Event "Sant Gregori Ajuntament op-A 1st"]
[Site "Sant Gregori"]
[Date "2016.07.??"]
[Round "3.4"]
[White "Notario Flechina, Enric"]
[Black "Castrillon Otero, Javier"]
[Result "0-1"]
[WhiteElo "1986"]
[BlackElo "2185"]
[PlyCount "76"]
[EventDate "2016.07.04"]
[EventType "tourn"]
[EventRounds "7"]
[EventCountry "ESP"]
[SourceTitle "EXT 2024"]
[Source "ChessBase"]
[SourceDate "2023.10.10"]
[SourceVersion "1"]
[SourceVersionDate "2023.10.10"]
[SourceQuality "1"]

1. e4 e5 2. Nf3 Nc6 3. Nc3 Nf6 4. Bc4 Nxe4 5. Qe2 Nxc3 6. bxc3 d6 7. d3 Bg4 8. Bd5 Be7 9. h3 Be6 10. Bb3 0-0 11. Bb2 Qd7 12. d4 Bxb3 13. axb3 Bf6 14. d5 Ne7 15. Rd1 a5 16. g4 Ng6 17. g5 Nf4 18. Qe4 Be7 19. h4 f5 20. gxf6 Rxf6 21. Kd2 Qf5 22. Qc4 Ng2 23. Ng1 Qxf2+ 24. Qe2 Raf8 25. Nh3 Qxe2+ 26. Kxe2 Nf4+ 27. Kd2 Nxd5 28. Rdg1 h6 29. Rh2 Rf3 30. c4 Ne3 31. Bc1 Nf1+ 32. Rxf1 Rxf1 33. c3 Bxh4 34. Kc2 Bg5 35. Bxg5 hxg5 36. Rg2 R8f3 37. Nxg5 R1f2+ 38. Rxf2 Rxf2+ 0-1